Statistics for Magyar miniszterelnökök

Click here to take the quiz!

General Stats

  • This quiz has been taken 340 times
    (8 since last reset)
  • The average score is 20 of 58

Answer Stats

HintAnswer% Correct
1848Batthyány Lajos
100%
1998–2002 2010–Orbán Viktor
100%
2004–2009Gyurcsány Ferenc
83%
1990–1993Antall József
67%
2009–2010Bajnai Gordon
67%
1955–1956Hegedüs András
67%
1956–1958 1961–1965Kádár János
67%
1965–1967Kállai Gyula
67%
1903–1905 1913–1917Tisza István
67%
1875–1890Tisza Kálmán
67%
1867–1871Andrássy Gyula
50%
1921–1931Bethlen István
50%
1993–1994Boross Péter
50%
1947–1948Dinnyés Lajos
50%
1919Friedrich István
50%
1932–1936Gömbös Gyula
50%
1987–1988Grósz Károly
50%
1994–1998Horn Gyula
50%
1975–1987Lázár György
50%
2002–2004Medgyessy Péter
50%
1958–1961Münnich Ferenc
50%
1953–1955 1956Nagy Imre
50%
1988–1990Németh Miklós
50%
1952–1953Rákosi Mátyás
50%
1944–1945Szálasi Ferenc
50%
1920–1921 1939–1941Teleki Pál
50%
1945–1946Tildy Zoltán
50%
1941–1942Bárdossy László
33%
1919–1920Huszár Károly
33%
1938–1939Imrédy Béla
33%
1903 1910–1912Khuen-Héderváry Károly
33%
1944Lakatos Géza
33%
1946–1947Nagy Ferenc
33%
1849Szemere Bertalan
33%
1919Berinkey Dénes
17%
1948–1952Dobi István
17%
1919Garbai Sándor
17%
1942–1944Kállay Miklós
17%
1931–1932Károlyi Gyula
17%
1945Miklós Béla
17%
1919Peidl Gyula
17%
1920Simonyi-Semadam Sándor
17%
1899–1903Széll Kálmán
17%
1944Sztójay Döme
17%
1892–1895
1906–1910
1917–1918
Wekerle Sándor
17%
1895–1899Bánffy Dezső
0%
1874–1875Bittó István
0%
1936–1938Darányi Ignác
0%
1917Esterházy Móric
0%
1905–1906Fejérváry Géza
0%
1967–1975Fock Jenő
0%
1918Hadik János
0%
1918Károlyi Mihály
0%
1871–1872Lónyay Menyhért
0%
1912–1913Lukács László
0%
1890–1892Szapáry Gyula
0%
1872–1874Szlávy József
0%
1875Wenckheim Béla
0%

Score Distribution

Percentile by Number Answered

Percent of People with Each Score

Your Score History

You have not taken this quiz since the last reset